00581 2200229 4500001002100000005001500021035002000036007000300056008004100059020002200100082001200122084001800134100001600152245006500168250001100233260003800244300001700282990001300299990001300312990001300325990001300338INLIS00000000000838520251219100804 a0010-0322000404ta251219 g 0 ind  a978-602-313-071-9 a320.540 a320.540 ZAI p0 aZAINAL AQIB1 aPENELITIAN TINDAKAN KELAS :bSMA/MA - SMK/MAK /cZAINAL AQIB aCet. 1 aYogyakarta :bARRUZZ MEDIA,c2019 a684 ;c24 cm a022.7712 a022.7713 a022.7714 a022.7715